{"text_format":"1","workbook":"xlsx","n_sheets":1,"sheets":["States"],"not_rendered":{"charts":0,"images":0,"macros":0,"external_links":0,"defined_names":0,"comments":0,"pivot_tables":0},"unopened":[],"bounds":{"document_bytes":16777216,"sheet_cells":100000,"rows_first":2000,"rows_last":500,"rows_between":2000,"halvings":0,"cell_chars":16384,"cell_head_chars":4096},"cells_cut":0,"cells_raw":0,"read":"whole","date_system":"1900"}

{"sheet":"States","index":0,"n_rows":56,"n_cols":16,"rows_kept":56,"cut":false,"hidden":false,"merged":[]}
["State Code","Total  Loans","Avg. Loan Amount","Loan Amount Sum - ALL","Total Purchase Loans","Total Purchase Loans %","Loan Amount Avg - Purchase","Total Loan Amount - Purchase","Total IRRRL Loans","Total IRRRL Loans %","Loan Amount Avg - IRRRL","Total Loan Amount - IRRRL","Total Cash-Out Loans","Total Cash-Out %","Loan Amount Avg - Cash-Out","Total Loan Amount - Cash-Out"]
["Grand Total",746091,343895,256576644190,410365,0.55000000000000004,373375,153220001582,127949,0.17150000000000001,271464,34733553313,207777,0.27850000000000003,330273,68623089295]
["AK",4442,364409,1618706352,3068,0.69069999999999998,385472,1182628763,850,0.19139999999999999,311969,265173497,524,0.11799999999999999,326153,170904092]
["AL",17666,280143,4949009712,10331,0.58479999999999999,308649,3188657412,2766,0.15659999999999999,209786,580268719,4569,0.2586,258280,1180083581]
["AR",7376,243350,1794947135,4356,0.59060000000000001,269474,1173828311,1135,0.15390000000000001,180970,205401368,1885,0.25559999999999999,220540,415717456]
["AZ",28314,360449,10205763192,12727,0.44950000000000001,404587,5149174154,4084,0.14419999999999999,258691,1056492602,11503,0.40629999999999999,347744,4000096436]
["CA",54933,524753,28826258458,22738,0.41389999999999999,600334,13650399026,10516,0.19139999999999999,424478,4463809919,21679,0.39460000000000001,494121,10712049513]
["CO",23879,443465,10589503576,12606,0.52790000000000004,494508,6233765945,3761,0.1575,337626,1269810631,7512,0.31459999999999999,410800,3085927000]
["CT",3816,318543,1215559416,2010,0.52669999999999995,348425,700334511,753,0.1973,272926,205513382,1053,0.27589999999999998,294123,309711523]
["DC",728,664614,483838944,467,0.64149999999999996,726625,339333893,128,0.17580000000000001,538023,68866955,133,0.1827,568707,75638096]
["DE",3077,324311,997904512,1568,0.50960000000000005,361125,566244555,647,0.21029999999999999,253160,163794491,862,0.28010000000000002,310749,267865466]
["FL",72153,342947,24744645574,38266,0.53029999999999999,378797,14495040790,10109,0.1401,257745,2605549074,23778,0.32950000000000002,321476,7644055710]
["GA",38791,299560,11620226421,20638,0.53200000000000003,328423,6777998859,6080,0.15670000000000001,233152,1417562270,12073,0.31119999999999998,283663,3424665292]
["GU",452,453814,205123738,311,0.68810000000000004,494463,153778009,69,0.1527,371796,25653937,72,0.1593,356830,25691792]
["HI",5190,679554,3526885521,3221,0.62060000000000004,741962,2389858426,967,0.18629999999999999,527624,510212786,1002,0.19309999999999999,625563,626814309]
["IA",4572,238352,1089745426,2745,0.60040000000000004,260258,714408008,827,0.18090000000000001,194484,160837896,1000,0.21870000000000001,214500,214499522]
["ID",6166,377976,2330598743,2793,0.45300000000000001,438755,1225443951,802,0.13009999999999999,260312,208770559,2571,0.41699999999999998,348652,896384233]
["IL",14284,261249,3731685371,8393,0.58760000000000001,283154,2376513444,2734,0.19139999999999999,219759,600820271,3157,0.221,238946,754351656]
["IN",12758,243335,3104466917,6524,0.51139999999999997,275391,1796651891,2248,0.1762,185815,417711083,3986,0.31240000000000001,223308,890103943]
["KS",6502,243536,1583469037,4078,0.62719999999999998,260817,1063612329,1101,0.16930000000000001,197250,217172458,1323,0.20349999999999999,228786,302684250]
["KY",9402,248974,2340849362,5381,0.57230000000000003,273483,1471611871,1581,0.16819999999999999,191267,302392696,2440,0.25950000000000001,232313,566844795]
["LA",8691,264372,2297660979,5651,0.6502,284604,1608294615,1543,0.17749999999999999,211857,326896026,1497,0.17219999999999999,242131,362470338]
["MA",5526,410645,2269222371,2313,0.41860000000000003,469675,1086358633,1221,0.221,325366,397271733,1992,0.36049999999999999,394373,785592005]
["MD",19598,432588,8477860655,10174,0.51910000000000001,475638,4839137588,3984,0.20330000000000001,363294,1447361573,5440,0.27760000000000001,402824,2191361494]
["ME",2860,284783,814479977,1397,0.48849999999999999,317210,443142840,502,0.17549999999999999,219541,110209675,961,0.33600000000000002,271725,261127462]
["MI",13075,238825,3122641455,6413,0.49049999999999999,267037,1712509802,2298,0.17580000000000001,194857,447780993,4364,0.33379999999999999,220520,962350660]
["MN",8002,302538,2420905470,4230,0.52859999999999996,337100,1425931933,1454,0.1817,243399,353901882,2318,0.28970000000000001,276562,641071655]
["MO",14349,249564,3580988505,8175,0.56969999999999998,272431,2227125349,2379,0.1658,195110,464167811,3795,0.26450000000000001,234439,889695345]
["MS",6962,253521,1765015175,4364,0.62680000000000002,274770,1199095809,1007,0.14460000000000001,202977,204397551,1591,0.22850000000000001,227229,361521815]
["MT",3253,353303,1149295193,1646,0.50600000000000001,396052,651901335,504,0.15490000000000001,254316,128175374,1103,0.33910000000000001,334740,369218484]
["NC",40895,289351,11833029254,23185,0.56689999999999996,312442,7243963389,6555,0.1603,223839,1467262336,11155,0.27279999999999999,279857,3121803529]
["ND",1668,275449,459448368,1119,0.67090000000000005,289392,323829109,303,0.1817,235749,71431890,246,0.14749999999999999,260924,64187369]
["NE",4425,271781,1202632624,2624,0.59299999999999997,298868,784229228,687,0.15529999999999999,204586,140550852,1114,0.25180000000000002,249419,277852544]
["NH",2653,353047,936633642,1177,0.44359999999999999,402378,473598401,533,0.2009,277236,147766989,943,0.35539999999999999,334325,315268252]
["NJ",7525,356731,2684402488,3567,0.47399999999999998,406086,1448507029,1504,0.19989999999999999,291184,437940292,2454,0.3261,325165,797955167]
["NM",6971,285556,1990607728,4045,0.58030000000000004,308996,1249887276,1191,0.1709,227267,270675411,1735,0.24890000000000001,270919,470045041]
["NV",13519,397248,5370390615,6491,0.48010000000000003,443056,2875878841,2163,0.16,304101,657770451,4865,0.3599,377542,1836741323]
["NY",8933,306784,2740502765,5103,0.57130000000000003,325605,1661562674,1304,0.14599999999999999,269512,351443211,2526,0.2828,288004,727496880]
["OH",19648,237943,4675101981,10578,0.53839999999999999,263659,2788987145,3433,0.17469999999999999,193205,663273383,5637,0.28689999999999999,216931,1222841453]
["OK",11954,252245,3015338039,7337,0.61380000000000001,272630,2000287778,1941,0.16239999999999999,198764,385800458,2676,0.22389999999999999,235146,629249803]
["OR",10112,381933,3862108564,4612,0.45610000000000001,439543,2027171578,1836,0.18160000000000001,290199,532806044,3664,0.36230000000000001,355385,1302130942]
["PA",14797,265824,3933391209,7562,0.51100000000000001,294145,2224323097,2963,0.20019999999999999,221895,657475634,4272,0.28870000000000001,246159,1051592478]
["PR",935,199632,186656238,703,0.75190000000000001,206668,145287717,79,8.4500000000000006E-2,152455,12043916,153,0.1636,191664,29324605]
["RI",1505,360266,542200096,723,0.48039999999999999,422061,305150160,308,0.20469999999999999,271441,83603732,474,0.315,323726,153446204]
["SC",21846,302746,6613785352,12388,0.56710000000000005,330715,4096894330,3293,0.1507,236674,779366602,6165,0.28220000000000001,281837,1737524420]
["SD",2168,292147,633374447,1274,0.58760000000000001,319503,407047318,319,0.14710000000000001,211602,67500890,575,0.26519999999999999,276220,158826239]
["TN",22340,310474,6935991599,11765,0.52659999999999996,345227,4061591504,3250,0.14549999999999999,232725,756355329,7325,0.32790000000000002,289153,2118044766]
["TX",63498,334422,21235140370,48963,0.77110000000000001,357791,17518506009,13421,0.2114,248744,3338391790,1114,1.7500000000000002E-2,339536,378242571]
["UT",7075,433346,3065921405,3330,0.47070000000000001,494675,1647267441,1064,0.15040000000000001,306226,325824850,2681,0.37890000000000001,407620,1092829114]
["VA",47777,399806,19101518775,27533,0.57630000000000003,428999,11811616281,8712,0.18229999999999999,338659,2950395279,11532,0.2414,376301,4339507215]
["VI",53,465469,24669871,40,0.75470000000000004,522234,20889352,5,9.4299999999999995E-2,294426,1472131,8,0.15090000000000001,288549,2308388]
["VT",787,289617,227928610,403,0.5121,321855,129707687,155,0.19700000000000001,231429,35871470,229,0.29099999999999998,272268,62349453]
["WA",24659,439742,10843590183,11751,0.47649999999999998,505089,5935304631,4407,0.1787,328710,1448626811,8501,0.34470000000000001,406971,3459658741]
["WI",7825,258811,2025193580,4186,0.53500000000000003,286270,1198325201,1476,0.18859999999999999,208429,307641243,2163,0.27639999999999998,240050,519227136]
["WV",3546,250222,887285844,2055,0.57950000000000002,271383,557691825,630,0.1777,201113,126701409,861,0.24279999999999999,235648,202892610]
["WY",2157,320649,691640248,1264,0.58599999999999997,347161,438811421,367,0.1701,244097,89583698,526,0.24390000000000001,310352,163245129]